000 00607nam a2200229Ia 4500
003 OSt
005 20221007071105.0
006 a|||||r|||| 00| 0
007 ta
008 221006b |||||||| |||| 00| 0 eng d
024 _a25,181
037 _cTextual
040 _aFLL
_cFLL
_beng
041 _2eng
_aeng
082 _aZ3:9595, G8
100 _aSingh Harnam
245 0 _aLaw of specific relief in India
260 _aLahore
_bThe University Book Agency Pakistan
_c1938
300 _a16,944p
_ccm.
942 _hZ3:9595, G8
_cTEXL
_2CC
999 _c1142417
_d1142417